| 000 | 00000nam##2200000za#4500 |
| 001 | 9.529372 |
| 003 | CaOODSP |
| 005 | 20200327014126 |
| 007 | ta |
| 008 | 150406|1997||||xxc||||| f|0| 0 eng|d |
| 022 | |a0706-148X |
| 040 | |aCaOODSP|beng |
| 041 | |aeng |
| 041 | |afre |
| 043 | |an-cn--- |
| 086 | 1 |aS52-2/233-1997 |
| 110 | 1 |aCanada.|bPublic Works and Government Services Canada. |bTranslation Services. |
| 245 | 10|aInformatics glossary / |cby François Mouzard. |
| 260 | |aOttawa - Ontario : |bPublic Works and Government Services Canada. |c1997. |
| 300 | |a338p. : |c22 cm. |
| 490 | 1 |aTerminology bulletin|x0706-148X|v233 |
| 500 | |a"This new edition of the Informatics Glossary contains more than 3 000 entries, compared with the 750 published in the 1990 edition. It deals especially with the terminology of work stations as well as the new concepts which describe the latest technologies that are fast becoming part of our daily life, such as Internet, multimedia, mobile computing and virtual reality."--Introduction. |
| 504 | |aBibliography. |
| 520 | 3 |aTerminology Bulletin 233. Containing more than 3,000 entries, this new edition deals especially with the terminology of work stations as well as the new concepts which describe the latest technologies that are fast becoming part of our daily life, such as Internet, multimedia, mobile computing and virtual reality. Also included are basic informatics terms, bilingual expressions, and idiomatic and colloquial expressions characteristic of computerese, the jargon made popular by informatics specialists. This publication is intended for use by all those interested in obtaining terminological information on the increasing number of new concepts in the field. Translators, writers, suppliers, technicians and customers will all find this publication to be a reliable source of information for correct terminological usage in informatics. |
| 546 | |aBilingual |
| 563 | |aSoftcover |
| 590 | |a97-28|b1997-07-11 |
| 720 | 1 |aHuot, Monique |
| 776 | 0#|tLexique de l'informatique / |w(CaOODSP)9.587092 |
| 792 | |tLexique de l'informatique / |efre|w(CaOODSP)9.529373 |
| 830 | #0|aTerminology bulletin,|x0706-148X|v233|w(CaOODSP)9.509598 |
| 020 | |a0-660-60165-6 |